000 00870nam a2200229Ia 4500
999 _c50248
_d50248
001 17186
003 GE_BSU
005 20200203160745.0
008 181216s2005ge xx |||||||||||||| ||ger||
020 _aISBN- 978-3464212325
040 _cGE_BSU
080 _a811.112+61 H-66
100 _aHillerich,Dorothea Lévy
_96719
245 _aKommunikation in sozialen und medizinischen Berufen :
_bKursbuch /
_cDorothea Lévy Hillerich ; Red : monika veldenz-dunne,robert fallenstein...
264 _aMunchen :
_bFRAUS Cornelesan,
_c2005.
300 _a135 p.:
_bill.:
_c25 cm.
_e+CD-ROM
653 _aKommunikation in sozialen und medizinischen Berufen
653 _aგერმანული ენა
700 _aveldenz-dunne, monika
_eრედაქტორი
_96720
700 _a fallenstein, robert
_eრედაქტორი
_96721
942 _cBK
_2udc